000 01037nam a2200301 4500
003 OSt
005 20260530113904.0
008 260501t1991 xxua|||| |||| 00| 0 eng d
020 _a050023633X
040 _aICI
_bspa
_cICI
041 _aeng
050 _aNK2057.A1
_bB37 1992
100 1 _aBarwick, JoAnn,
_eautor
_932574
245 1 0 _aScandinavian country /
_cAnn Barwick ; texto Norma Skurka ; fotografías Elyse Lewin ; prólogo Barbara Peck
264 1 _aLondon :
_bThames and Hudson,
_c1992.
300 _a224 páginas
336 _atexto
_2rdacontent
337 _asin medio
_2rdamedia
338 _avolumen
_2rdacarrier
650 1 4 _aDecoración y ornamentación de interiores
_zEscandinavia
_932575
650 1 4 _aArquitectura doméstica
_zEscandinavia
_932576
650 1 4 _aDiseño de muebles
_zEscandinavia
_932577
650 1 4 _2Estilo escandinavo (Diseño).
700 1 _aSkurka, Norma,
_etexto
_932578
700 1 _aLewin, Elyse,
_efotografo
_932579
700 1 _aPeck, Barbara,
_eprologuista
_932580
942 _2lcc
_cBK
_n1
999 _c11869
_d11869